[Event "Tirol Landesliga 2223"]
[Site "Austria"]
[Date "2022.10.02"]
[Round "2.2"]
[White "Paltrinieri, Nicholas"]
[Black "Ciolek, Andreas"]
[Result "1/2-1/2"]
[WhiteElo "2297"]
[BlackElo "2301"]
[PlyCount "75"]
[EventDate "2022.10.01"]
[EventType "team-tourn"]
[EventRounds "9"]
[EventCountry "AUT"]
[SourceTitle "EXT 2024"]
[Source "ChessBase"]
[SourceDate "2023.10.10"]
[SourceVersion "1"]
[SourceVersionDate "2023.10.10"]
[SourceQuality "1"]
[WhiteTeam "Rochade Rum"]
[BlackTeam "Schach ohne Grenzen"]
[WhiteTeamCountry "AUT"]
[BlackTeamCountry "AUT"]

1. d4 Nf6 2. Nc3 d5 3. Bf4 g6 4. e3 Bg7 5. h4 h5 6. Nf3 0-0 7. Qd2 c5 8. Ne5 Nc6 9. f3 Qa5 10. 0-0-0 c4 11. Kb1 Be6 12. Be2 Rac8 13. e4 Rfd8 14. Nxc6 Rxc6 15. Be5 dxe4 16. Nxe4 c3 17. Nxc3 Ne4 18. fxe4 Bxe5 19. Nd5 Qxd2 20. Rxd2 Bd6 21. c4 Rcc8 22. Rc2 Kf8 23. Bf3 Bg3 24. a4 Bd7 25. b3 e6 26. Nb4 Bxa4 27. bxa4 Rxd4 28. Rd1 Rcxc4 29. Rxd4 Rxd4 30. Rb2 a5 31. Nc2 Rxa4 32. Rxb7 Rc4 33. Kc1 Bxh4 34. Kd2 Bf6 35. Rb5 a4 36. e5 Be7 37. Ra5 Rc5 38. Rxc5 1/2-1/2

[Event "ITA-chT Final 53rd"]
[Site "Montesilvano"]
[Date "2022.04.25"]
[Round "2.5"]
[White "Paltrinieri, Nicholas"]
[Black "Boraso, Alessio"]
[Result "1/2-1/2"]
[WhiteElo "2333"]
[BlackElo "2297"]
[PlyCount "43"]
[EventDate "2022.04.24"]
[EventType "team-tourn"]
[EventRounds "4"]
[EventCountry "ITA"]
[SourceTitle "CBM 207 Extra"]
[Source "ChessBase"]
[SourceDate "2022.05.31"]
[SourceVersion "1"]
[SourceVersionDate "2022.05.31"]
[SourceQuality "1"]
[WhiteTeam "Carrera Don Pietro"]
[BlackTeam "Milan Accademia"]
[WhiteTeamCountry "ITA"]
[BlackTeamCountry "ITA"]

1. e4 c5 2. Nf3 Nc6 3. d4 cxd4 4. Nxd4 e5 5. Nb5 d6 6. c4 Be7 7. Bd3 Nf6 8. N1c3 a6 9. Na3 0-0 10. 0-0 Be6 11. Nc2 Nd7 12. b3 Nc5 13. Ne3 Bg5 14. Ned5 Bxc1 15. Rxc1 Nd4 16. Bb1 Rb8 17. b4 Nd7 18. a3 Bxd5 19. exd5 Rc8 20. Qd3 Qh4 21. g3 Qh3 22. f4 1/2-1/2

[Event "ITA-chTA 53rd"]
[Site "Montesilvano"]
[Date "2022.04.20"]
[Round "2.1"]
[White "Valsecchi, Alessio"]
[Black "Paltrinieri, Nicholas"]
[Result "1-0"]
[WhiteElo "2510"]
[BlackElo "2333"]
[PlyCount "49"]
[EventDate "2022.04.19"]
[EventType "team-tourn"]
[EventRounds "7"]
[EventCountry "ITA"]
[SourceTitle "CBM 207 Extra"]
[Source "ChessBase"]
[SourceDate "2022.05.31"]
[SourceVersion "1"]
[SourceVersionDate "2022.05.31"]
[SourceQuality "1"]
[WhiteTeam "Padova Obiettivo"]
[BlackTeam "Carrera Don Pietro"]
[WhiteTeamCountry "ITA"]
[BlackTeamCountry "ITA"]

1. e4 e6 2. d4 d5 3. e5 c5 4. c3 Nc6 5. Nf3 Bd7 6. Be2 Nge7 7. Na3 Ng6 8. h4 cxd4 9. cxd4 Bb4+ 10. Kf1 Nge7 11. h5 h6 12. Nc2 Ba5 13. a3 f6 14. exf6 gxf6 15. Ne3 Kf7 16. b4 Bb6 17. Bb2 Nc8 18. Nh4 N6e7 19. Bd3 Nd6 20. Qf3 Bb5 21. Bxb5 Nxb5 22. Ng4 Nc6 23. Qd3 Bxd4 24. Bxd4 Nbxd4 25. b5 1-0

[Event "ITA-chTA 53rd"]
[Site "Montesilvano"]
[Date "2022.04.19"]
[Round "1.1"]
[White "Paltrinieri, Nicholas"]
[Black "Banikas, Hristos"]
[Result "0-1"]
[WhiteElo "2333"]
[BlackElo "2588"]
[PlyCount "74"]
[EventDate "2022.04.19"]
[EventType "team-tourn"]
[EventRounds "7"]
[EventCountry "ITA"]
[SourceTitle "CBM 207 Extra"]
[Source "ChessBase"]
[SourceDate "2022.05.31"]
[SourceVersion "1"]
[SourceVersionDate "2022.05.31"]
[SourceQuality "1"]
[WhiteTeam "Carrera Don Pietro"]
[BlackTeam "WorldtradingLab"]
[WhiteTeamCountry "ITA"]
[BlackTeamCountry "ITA"]

1. d4 Nf6 2. Nc3 d5 3. Bf4 g6 4. e3 Bg7 5. h4 h5 6. Nb5 Na6 7. Nf3 Bg4 8. Be2 Nd7 9. Qd2 c6 10. Nc3 Nc7 11. 0-0-0 Ne6 12. Bg3 b5 13. Ne5 b4 14. Na4 Bxe2 15. Qxe2 Bxe5 16. Bxe5 f6 17. Qa6 fxe5 18. Qxc6 Kf7 19. Qxd5 Qc7 20. Rh3 Rac8 21. Rd2 Rhd8 22. Rf3+ Nf6 23. Qxe5 Qc4 24. d5 Ng7 25. b3 Qf1+ 26. Rd1 Qe2 27. Qb2 Nf5 28. c4 Qxb2+ 29. Kxb2 Nxh4 30. Rh3 Nf5 31. Re1 Ne4 32. Re2 e6 33. g4 hxg4 34. Rh7+ Ng7 35. dxe6+ Kf6 36. e7 Rh8 37. Rxh8 Rxh8 0-1

[Event "Titled Tuesday intern op 11th Jan"]
[Site "Chess.com INT"]
[Date "2022.01.11"]
[Round "7"]
[White "Farmani Anosheh, Armin"]
[Black "Paltrinieri, Nicholas"]
[Result "1-0"]
[WhiteElo "2345"]
[BlackElo "2344"]
[PlyCount "45"]
[EventDate "2022.01.11"]
[EventType "swiss (blitz)"]
[EventRounds "11"]
[EventCountry "USA"]
[SourceTitle "CBM 206 Extra"]
[Source "ChessBase"]
[SourceDate "2022.03.31"]
[SourceVersion "1"]
[SourceVersionDate "2022.03.31"]
[SourceQuality "1"]

1. e4 e6 2. d4 d5 3. Nd2 Be7 4. Ngf3 Nf6 5. e5 Nfd7 6. Bd3 c5 7. c3 b6 8. Qe2 a5 9. a4 Ba6 10. Bxa6 Nxa6 11. 0-0 Qc8 12. h4 h6 13. h5 Nab8 14. c4 dxc4 15. Nxc4 0-0 16. Rd1 Qa6 17. b3 Nc6 18. d5 exd5 19. Rxd5 Rfd8 20. e6 Nf6 21. exf7+ Kxf7 22. Rxd8 Rxd8 23. Nce5+ 1-0

[Event "Titled Tuesday intern op 11th Jan"]
[Site "Chess.com INT"]
[Date "2022.01.11"]
[Round "3"]
[White "Paltrinieri, Nicholas"]
[Black "Sanchez, Roberto Daniel"]
[Result "0-1"]
[WhiteElo "2344"]
[BlackElo "1970"]
[PlyCount "176"]
[EventDate "2022.01.11"]
[EventType "swiss (blitz)"]
[EventRounds "11"]
[EventCountry "USA"]
[SourceTitle "CBM 206 Extra"]
[Source "ChessBase"]
[SourceDate "2022.03.31"]
[SourceVersion "1"]
[SourceVersionDate "2022.03.31"]
[SourceQuality "1"]

1. b3 d6 2. Bb2 Nc6 3. d4 Nf6 4. Nf3 g6 5. d5 Nb8 6. c4 Bg7 7. Nbd2 0-0 8. e4 Nbd7 9. Bd3 Nc5 10. Bc2 a5 11. 0-0 Nh5 12. Bxg7 Kxg7 13. Re1 e5 14. dxe6 fxe6 15. e5 d5 16. Nd4 dxc4 17. Nxc4 Nf4 18. a3 Nfd3 19. Bxd3 Qxd4 20. Bc2 Qxf2+ 21. Kh1 Bd7 22. Re2 Qf7 23. Qd4 Qf1+ 24. Rxf1 Rxf1+ 25. Qg1 Rxg1+ 26. Kxg1 Bc6 27. Rd2 Rf8 28. Nxa5 Ne4 29. Bxe4 Bxe4 30. Rd7+ Rf7 31. Rd4 Bd5 32. b4 Rf5 33. Nc4 Bxc4 34. Rxc4 c6 35. Rc5 Kf7 36. a4 Ke7 37. g4 Rf4 38. h3 Rxb4 39. a5 Rb5 40. Rxb5 cxb5 41. Kf2 Kd7 42. Ke3 Kc6 43. Kd4 b4 44. Kc4 b3 45. Kxb3 Kb5 46. Kc3 Kxa5 47. Kc4 Ka4 48. Kc5 b5 49. Kd6 b4 50. Kxe6 b3 51. Kf7 b2 52. e6 b1Q 53. e7 Qb3+ 54. Kf8 Qf3+ 55. Kg7 Qe4 56. Kf8 Qf4+ 57. Kg7 Qe5+ 58. Kf7 Qd5+ 59. Kg7 Qe6 60. Kf8 Qf6+ 61. Ke8 Kb5 62. Kd7 Qd4+ 63. Ke6 Qe4+ 64. Kd6 Qf4+ 65. Ke6 Qe3+ 66. Kd7 Qd4+ 67. Ke6 Qe4+ 68. Kd7 Qc6+ 69. Kd8 Qd6+ 70. Ke8 Kc6 71. Kf7 Qf4+ 72. Kg7 Qe4 73. Kxh7 Kd7 74. g5 Kxe7 75. h4 Qxh4+ 76. Kg7 Qc4 77. Kxg6 Kd7 78. Kh7 Qf7+ 79. Kh6 Qg8 80. g6 Ke7 81. Kg5 Kf8 82. Kf6 Qg7+ 83. Kf5 Kg8 84. Kg5 Kf8 85. Kf5 Ke7 86. Kg5 Ke6 87. Kh5 Kf6 88. Kh4 Qxg6 0-1

[Event "Titled Tuesday intern op 21st Dec"]
[Site "Chess.com INT"]
[Date "2021.12.21"]
[Round "6"]
[White "Maly, Alexey"]
[Black "Paltrinieri, Nicholas"]
[Result "1-0"]
[WhiteElo "2368"]
[BlackElo "2344"]
[PlyCount "73"]
[EventDate "2021.12.21"]
[EventType "swiss (blitz)"]
[EventRounds "11"]
[EventCountry "USA"]
[SourceTitle "CBM 205 Extra"]
[Source "ChessBase"]
[SourceDate "2022.01.31"]
[SourceVersion "1"]
[SourceVersionDate "2022.01.31"]
[SourceQuality "1"]

1. d4 e6 2. c4 f5 3. Nf3 Nf6 4. g3 d5 5. Bg2 Be7 6. 0-0 Ne4 7. b3 h5 8. Ba3 Bf6 9. Nbd2 Nc6 10. Rc1 h4 11. cxd5 exd5 12. Nxe4 fxe4 13. Ne5 Nxe5 14. dxe5 Bxe5 15. Qd2 Be6 16. Bb2 Qd6 17. Bd4 0-0-0 18. Qc3 Bxd4 19. Qxd4 Kb8 20. Rc2 hxg3 21. hxg3 Bh3 22. f4 Qh6 23. Bxh3 Qxh3 24. Kf2 Qh2+ 25. Ke1 Qxg3+ 26. Kd2 Rh2 27. Kc1 b6 28. Qe5 Rd6 29. Qe7 Qe3+ 30. Kb1 c5 31. Qxd6+ Kc8 32. Qxd5 Rxe2 33. Rd1 Rxc2 34. Kxc2 Qxf4 35. Qd7+ Kb8 36. Qd6+ Qxd6 37. Rxd6 1-0

[Event "Titled Tuesday intern op 19th Oct"]
[Site "Chess.com INT"]
[Date "2021.10.19"]
[Round "6"]
[White "Goltsev, Dmitry"]
[Black "Paltrinieri, Nicholas"]
[Result "1-0"]
[WhiteElo "2282"]
[BlackElo "2344"]
[PlyCount "67"]
[EventDate "2021.10.19"]
[EventType "swiss (blitz)"]
[EventRounds "11"]
[EventCountry "USA"]
[SourceTitle "CBM 204 Extra"]
[Source "ChessBase"]
[SourceDate "2021.11.30"]
[SourceVersion "1"]
[SourceVersionDate "2021.11.30"]
[SourceQuality "1"]

1. e4 e6 2. d4 d5 3. exd5 exd5 4. Bd3 c5 5. dxc5 Bxc5 6. Nf3 Nf6 7. 0-0 0-0 8. Bg5 h6 9. Bh4 g5 10. Nxg5 hxg5 11. Bxg5 Nbd7 12. Qf3 Bd6 13. Nc3 Kg7 14. Nxd5 Be5 15. Qf5 Re8 16. Rae1 Nf8 17. Qf3 N8d7 18. Re4 Qa5 19. Rxe5 Rxe5 20. Bxf6+ Kf8 21. Bxe5 Nxe5 22. Qe4 Be6 23. Qxe5 Qxd5 24. Qh8+ Ke7 25. Qxa8 Bh3 26. gxh3 Qg5+ 27. Kh1 Qd5+ 28. f3 Kf6 29. Qh8+ Ke7 30. Qh6 Qd4 31. Qd2 Qf6 32. Qe2+ Kd7 33. Qe4 Kc7 34. Re1 1-0

[Event "Titled Tuesday intern op 19th Oct"]
[Site "Chess.com INT"]
[Date "2021.10.19"]
[Round "7"]
[White "Paltrinieri, Nicholas"]
[Black "Maksimovic, Bojan"]
[Result "0-1"]
[WhiteElo "2344"]
[BlackElo "2452"]
[PlyCount "96"]
[EventDate "2021.10.19"]
[EventType "swiss (blitz)"]
[EventRounds "11"]
[EventCountry "USA"]
[SourceTitle "CBM 204 Extra"]
[Source "ChessBase"]
[SourceDate "2021.11.30"]
[SourceVersion "1"]
[SourceVersionDate "2021.11.30"]
[SourceQuality "1"]

1. f4 d5 2. Nf3 g6 3. e3 Bg7 4. Be2 Nh6 5. d3 c5 6. 0-0 Nc6 7. c3 d4 8. e4 0-0 9. Qe1 Ng4 10. Na3 e5 11. Nc4 b5 12. Ncxe5 Ncxe5 13. fxe5 Nxe5 14. Nxe5 Bxe5 15. Bh6 Re8 16. Rc1 Be6 17. a3 Qd6 18. g3 c4 19. Rd1 dxc3 20. bxc3 cxd3 21. Rxd3 Qxa3 22. c4 Qc5+ 23. Be3 Qxc4 24. Rd5 Qxe4 25. Bf3 Qxf3 26. Rxe5 Qc6 27. Bd4 Rad8 28. Ba1 Qb6+ 29. Kg2 Bd5+ 30. Kh3 Rxe5 31. Qxe5 Qe6+ 32. g4 Qxe5 33. Bxe5 a5 34. Bf6 Ra8 35. Rd1 Be6 36. Rd6 a4 37. Rb6 Bc4 38. Kg3 a3 39. h4 a2 40. Ba1 Kf8 41. Rb7 Ke8 42. Kf4 Rd8 43. Bf6 Rd6 44. g5 Rxf6+ 45. gxf6 a1Q 46. Rb8+ Kd7 47. Rb7+ Kc6 48. Rb6+ Kxb6 0-1

[Event "Titled Tuesday intern op 19th Oct"]
[Site "Chess.com INT"]
[Date "2021.10.19"]
[Round "2"]
[White "Paltrinieri, Nicholas"]
[Black "Nakamura, Hikaru"]
[Result "0-1"]
[WhiteElo "2344"]
[BlackElo "2736"]
[PlyCount "42"]
[EventDate "2021.10.19"]
[EventType "swiss (blitz)"]
[EventRounds "11"]
[EventCountry "USA"]
[SourceTitle "CBM 204 Extra"]
[Source "ChessBase"]
[SourceDate "2021.11.30"]
[SourceVersion "1"]
[SourceVersionDate "2021.11.30"]
[SourceQuality "1"]

1. f4 d5 2. Nf3 g6 3. e3 Bg7 4. Be2 c5 5. d4 Nc6 6. c3 Nh6 7. Nbd2 Nf5 8. Nf1 Qb6 9. g4 Nd6 10. Ne5 f6 11. Nxc6 bxc6 12. Ng3 cxd4 13. exd4 c5 14. Be3 c4 15. Qd2 f5 16. g5 Rb8 17. 0-0-0 Qa5 18. Kb1 Bd7 19. h4 Nb5 20. Ka1 Rb6 21. Rb1 Qxa2+ 0-1

[Event "Titled Tuesday intern op 19th Oct"]
[Site "Chess.com INT"]
[Date "2021.10.19"]
[Round "9"]
[White "Paltrinieri, Nicholas"]
[Black "Silvestre, Christian"]
[Result "1-0"]
[WhiteElo "2344"]
[BlackElo "1942"]
[PlyCount "69"]
[EventDate "2021.10.19"]
[EventType "swiss (blitz)"]
[EventRounds "11"]
[EventCountry "USA"]
[SourceTitle "CBM 204 Extra"]
[Source "ChessBase"]
[SourceDate "2021.11.30"]
[SourceVersion "1"]
[SourceVersionDate "2021.11.30"]
[SourceQuality "1"]

1. e4 c6 2. d4 d5 3. exd5 cxd5 4. Bf4 Nc6 5. c3 Nf6 6. Nd2 g6 7. Ngf3 Bg7 8. h4 0-0 9. Be2 h5 10. Ne5 Nxe5 11. Bxe5 Bf5 12. f3 Bd7 13. g4 Qc8 14. Rg1 Kh7 15. Nf1 hxg4 16. fxg4 Ne4 17. Ne3 Bxe5 18. dxe5 Be6 19. Qd4 Qc5 20. 0-0-0 Rac8 21. Bf3 Nxc3 22. bxc3 Qa3+ 23. Kd2 Qxa2+ 24. Ke1 Qh2 25. Kf1 Kg7 26. h5 f6 27. Rg2 Qh4 28. Qd3 Qg5 29. exf6+ Rxf6 30. Ke2 Bf7 31. hxg6 Bxg6 32. Nf5+ Kf8 33. Qxd5 Bf7 34. Qd7 Re8 35. Rh2 1-0

[Event "Titled Tuesday intern op 12th Oct"]
[Site "Chess.com INT"]
[Date "2021.10.12"]
[Round "7"]
[White "Brunner, Nicolas"]
[Black "Paltrinieri, Nicholas"]
[Result "0-1"]
[WhiteElo "2414"]
[BlackElo "2344"]
[PlyCount "80"]
[EventDate "2021.10.12"]
[EventType "swiss (blitz)"]
[EventRounds "11"]
[EventCountry "USA"]
[SourceTitle "EXT 2023"]
[Source "ChessBase"]
[SourceDate "2022.10.05"]
[SourceVersion "1"]
[SourceVersionDate "2022.10.05"]
[SourceQuality "1"]

1. d4 e6 2. e4 d5 3. Nc3 Bb4 4. e5 b6 5. Qg4 Bf8 6. Nf3 Qd7 7. h4 Ne7 8. h5 h6 9. Be2 Ba6 10. 0-0 c5 11. Rd1 Bxe2 12. Nxe2 Nbc6 13. c3 Nf5 14. Ng3 Nce7 15. dxc5 bxc5 16. c4 Nxg3 17. Qxg3 d4 18. Nd2 Qb7 19. Qf4 g5 20. Qe4 Qxe4 21. Nxe4 Nf5 22. Nf6+ Kd8 23. Ng4 Rb8 24. b3 Be7 25. g3 Ng7 26. Kg2 Kc7 27. Rh1 Nf5 28. Bd2 Kc6 29. Kf3 Rb7 30. Rad1 Ra8 31. Ke4 a5 32. Rb1 Bd8 33. Kd3 Rab8 34. Kc2 Bc7 35. a3 d3+ 36. Kxd3 Rxb3+ 37. Rxb3 Rxb3+ 38. Kc2 Rxa3 39. Rb1 Ra2+ 40. Kd1 a4 0-1

[Event "Titled Tuesday intern op 12th Oct"]
[Site "Chess.com INT"]
[Date "2021.10.12"]
[Round "8"]
[White "Paltrinieri, Nicholas"]
[Black "Martin Carmona, Gaston Manuel"]
[Result "0-1"]
[WhiteElo "2344"]
[BlackElo "2326"]
[PlyCount "116"]
[EventDate "2021.10.12"]
[EventType "swiss (blitz)"]
[EventRounds "11"]
[EventCountry "USA"]
[SourceTitle "EXT 2023"]
[Source "ChessBase"]
[SourceDate "2022.10.05"]
[SourceVersion "1"]
[SourceVersionDate "2022.10.05"]
[SourceQuality "1"]

1. e4 e6 2. d4 d5 3. Nd2 dxe4 4. Nxe4 Bd7 5. Nf3 Bc6 6. Bd3 Nd7 7. Qe2 Ngf6 8. Neg5 Bxf3 9. Nxf3 Be7 10. 0-0 0-0 11. b3 c6 12. Bb2 Qa5 13. Rfe1 Ba3 14. Bxa3 Qxa3 15. c3 Nd5 16. Qc2 N7f6 17. Ne5 Rac8 18. Nc4 Qe7 19. b4 b6 20. Ne5 c5 21. dxc5 bxc5 22. b5 Nf4 23. Bf1 Qb7 24. a4 Rfd8 25. g3 Ng6 26. Bg2 Qc7 27. Nc6 Rd6 28. a5 Nd5 29. h4 Nge7 30. Ne5 Ng6 31. Nc4 Rdd8 32. Reb1 Rb8 33. Rb2 Ne5 34. Nd2 Ng4 35. Rab1 c4 36. Nf3 Ne5 37. Nd4 Nd3 38. Ra2 Rd6 39. Nc6 Rc8 40. Nd4 f5 41. Ra4 g6 42. h5 e5 43. Nf3 e4 44. Nd4 Qc5 45. Qd2 Nxc3 46. Qxc3 Rxd4 47. b6 axb6 48. axb6 Rd7 49. Ra2 Rb7 50. h6 Qe5 51. Qa3 Rcb8 52. Qa7 Rxa7 53. bxa7 Ra8 54. Rb7 Nc5 55. Rb5 Qd6 56. Raa5 Nd7 57. Rb7 Qc6 58. Rbb5 Rxa7 0-1

[Event "Titled Tuesday intern op 12th Oct"]
[Site "Chess.com INT"]
[Date "2021.10.12"]
[Round "5"]
[White "Paltrinieri, Nicholas"]
[Black "Yeletsky, Ivan"]
[Result "0-1"]
[WhiteElo "2344"]
[BlackElo "2460"]
[PlyCount "48"]
[EventDate "2021.10.12"]
[EventType "swiss (blitz)"]
[EventRounds "11"]
[EventCountry "USA"]
[SourceTitle "EXT 2023"]
[Source "ChessBase"]
[SourceDate "2022.10.05"]
[SourceVersion "1"]
[SourceVersionDate "2022.10.05"]
[SourceQuality "1"]

1. e4 c6 2. d4 d5 3. exd5 cxd5 4. Bf4 Nf6 5. c3 Bg4 6. Qb3 Qd7 7. Nd2 Nc6 8. Ngf3 Bxf3 9. Nxf3 e6 10. Ne5 Qc8 11. Bd3 Be7 12. 0-0 0-0 13. Rae1 Nd7 14. Qc2 g6 15. Nf3 Bf6 16. h4 Re8 17. h5 e5 18. dxe5 Ndxe5 19. Nxe5 Nxe5 20. hxg6 hxg6 21. Rd1 Kg7 22. Bb5 Rh8 23. Rxd5 Nf3+ 24. gxf3 Qh3 0-1

[Event "Titled Tuesday intern op 05th Oct"]
[Site "Chess.com INT"]
[Date "2021.10.05"]
[Round "9"]
[White "Ertan, Can"]
[Black "Paltrinieri, Nicholas"]
[Result "0-1"]
[WhiteElo "2371"]
[BlackElo "2344"]
[PlyCount "130"]
[EventDate "2021.10.05"]
[EventType "swiss (blitz)"]
[EventRounds "11"]
[EventCountry "USA"]
[SourceTitle "CBM 204 Extra"]
[Source "ChessBase"]
[SourceDate "2021.11.30"]
[SourceVersion "1"]
[SourceVersionDate "2021.11.30"]
[SourceQuality "1"]

1. e4 e6 2. d4 d5 3. Nc3 Bb4 4. exd5 exd5 5. Nf3 Nf6 6. Bd3 h6 7. 0-0 0-0 8. Ne2 Re8 9. Ng3 Nc6 10. c3 Bf8 11. Re1 Rxe1+ 12. Qxe1 Bg4 13. Ne5 Nxe5 14. dxe5 Nd7 15. h3 Be6 16. Nf5 Nc5 17. Bc2 Qd7 18. Nd4 f6 19. exf6 Re8 20. Qd1 gxf6 21. Qf3 Ne4 22. Bxe4 dxe4 23. Qxe4 Bf7 24. Qg4+ Qxg4 25. hxg4 Re1+ 26. Kh2 Bd6+ 27. g3 Bg6 28. Nf5 h5 29. Nxd6 cxd6 30. gxh5 Bxh5 31. Kg2 Bg6 32. b3 Be4+ 33. Kh3 Rf1 34. c4 Kf7 35. Bb2 Rxf2 36. Bd4 Rd2 37. Bxa7 Kg6 38. g4 Rd3+ 39. Kh4 Rd2 40. Kg3 Bc6 41. Be3 Re2 42. Kf4 Kf7 43. a4 Ke6 44. Rg1 Rb2 45. g5 fxg5+ 46. Rxg5 Rxb3 47. a5 Rc3 48. Rg6+ Kd7 49. Rg7+ Ke8 50. c5 dxc5 51. Rg5 Rc4+ 52. Kg3 Rc3 53. Kf2 Rc2+ 54. Kg3 c4 55. Rc5 Kd7 56. Kf4 Kd6 57. Kg4 Rc3 58. Kf4 Rxe3 59. Rxc6+ Kxc6 60. Kxe3 Kb5 61. Kd4 Kb4 62. Kd5 c3 63. Kd6 c2 64. Kc7 c1Q+ 65. Kxb7 Kxa5 0-1